SVK v Olomouci v roce ... přehled činnosti Státní vědecké knihovny v Olomouci za rok ...

Bibliographic Details
New Title:VK v Olomouci v roce ...
Corporate Author: Státní vědecká knihovna (Olomouc, Česko)
Other Authors: Nádvorníková, Marie, 1944- (Compiler)
Format: Serial
Language:Czech
Published: Olomouc Státní vědecká knihovna [1962]-2001
ISBN:807053124X (brož. : 1995)
807053141X (brož. : 1996)
8070531584 (brož. : 1997)
8070531800 (brož. : 1998)
8070530561 (brož. : 1991)
8070530901 (brož. : 1993)
8070531088 (brož. : 1994)
8070532033 (brož. : 1999)
8070532238 (brož. : 2000)
Series:Publikace Státní vědecké knihovny v Olomouci
Subjects:

MARC

LEADER 00000cas a2200000 a 4500
001 vtls001225219
003 SK-MaSNL
005 20260228162024.0
008 180126d19622001xr ar 0 0b0cze c
020 |a 807053124X (brož. : 1995) 
020 |a 807053141X (brož. : 1996) 
020 |a 8070531584 (brož. : 1997) 
020 |a 8070531800 (brož. : 1998) 
020 |a 8070530561 (brož. : 1991) 
020 |a 8070530901 (brož. : 1993) 
020 |a 8070531088 (brož. : 1994) 
020 |a 8070532033 (brož. : 1999) 
020 |a 8070532238 (brož. : 2000) 
035 |a SNK000172120 
040 |a SNK  |b slo  |c SNK  |e AACR2 
043 |a e-xr--- 
044 |a xr  |c CZ 
072 7 |a 027  |x Univerzálne knižnice. Verejné knižnice  |2 konspekt 
072 7 |a 021  |x Funkcie, význam a využívanie knižníc  |2 konspekt 
080 |a 027.021  |2 2011 
080 |a (437.325)  |2 2011 
080 |a (047.1)  |2 2011 
080 |a 021  |2 2011 
110 2 |a Státní vědecká knihovna (Olomouc, Česko)  |9 144053 
245 1 0 |a SVK v Olomouci v roce ...  |b přehled činnosti Státní vědecké knihovny v Olomouci za rok ... 
246 3 0 |a Státní vědecká knihovna v Olomouci v roce ... 
246 3 0 |a Přehled činnosti Státní vědecké knihovny v Olomouci za rok ... 
260 |a Olomouc  |b Státní vědecká knihovna  |c [1962]-2001 
310 |a 1x ročne 
362 0 |a 1961-2000 
490 1 |a Publikace Státní vědecké knihovny v Olomouci 
500 |a Súčasťou názvových údajov je označenie bežného roku 
500 |a Každé vydanie v edícii je samostatne číslované 
500 |a Zostavila: 1991,1993-2000, Márie Nádvorníková a [kolektív] 
588 |a Popis podľa: R. 1991 
650 0 7 |a vedecké knižnice  |2 SNKPH  |9 49795 
650 0 7 |a Research libraries  |2 SNKPHeng  |9 267292 
650 0 7 |a činnosť knižníc  |2 SNKPH  |9 66620 
650 0 7 |a Activities of libraries  |2 SNKPHeng  |9 266189 
651 7 |a Olomouc (Česko)  |2 SNKPHgeo  |9 30879 
651 7 |a Olomouc (Czechia)  |2 SNKPHeng  |9 197472 
655 7 |a výročné správy  |2 SNKPH  |9 70580 
655 7 |a Annual reports  |2 SNKPHeng  |9 265598 
700 1 |a Nádvorníková, Marie,  |d 1944-  |4 com  |9 113361 
785 0 0 |t VK v Olomouci v roce ... 
830 0 |a Publikace Státní vědecké knihovny v Olomouci  |9 265159 
910 |a snk 
919 |a 80-7053-124-X 
919 |a 80-7053-141-X 
919 |a 80-7053-158-4 
919 |a 80-7053-180-0 
919 |a 80-7053-056-1 
919 |a 80-7053-090-1 
919 |a 80-7053-108-8 
919 |a 80-7053-203-3 
919 |a 80-7053-223-8 
999 |c 6509  |d 8439 
952 |0 0  |1 0  |4 0  |7 0  |a SNK  |b SNK  |d 2025-07-22  |i snkKIP 9343/92  |l 0  |o snkČD 775/1991  |p 17A1464560  |r 2026-02-21 19:49:53  |w 2026-02-21  |y PREZ 
952 |0 0  |1 0  |4 0  |7 0  |8 2  |a SNK  |b SNK  |d 2000-04-25  |i snkV 585/2000  |l 0  |o snkČD 775/1998  |p 17A0236068  |r 2005-01-01 00:00:00  |w 2026-02-21  |y PREZ 
952 |0 0  |1 0  |4 0  |7 0  |a SNK  |b SNK  |d 2025-07-29  |i snkKIP 510/94  |l 0  |o snkČD 775/1993  |p 17A1463155  |r 2026-02-21 20:10:07  |w 2026-02-21  |y PREZ 
952 |0 0  |1 0  |4 0  |7 0  |8 2  |a SNK  |b SNK  |d 1997-01-16  |i snkV 176/97  |l 0  |o snkČD 775/1995  |p 17A0027687  |r 2005-01-01 00:00:00  |w 2026-02-21  |y PREZ 
952 |0 0  |1 0  |4 0  |7 0  |8 5  |a SNK  |b SNK  |d 1998-10-12  |i snkF 468/98  |l 0  |o snkČD 775/1994  |p 17A0122448  |r 2005-01-01 00:00:00  |w 2026-02-21  |y PREZ 
952 |0 0  |1 0  |4 0  |7 0  |8 2  |a SNK  |b SNK  |d 1998-10-12  |i snkV 1264/98  |l 0  |o snkČD 775/1996  |p 17A0161362  |r 2005-01-01 00:00:00  |w 2026-02-21  |y PREZ 
952 |0 0  |1 0  |4 0  |7 0  |8 2  |a SNK  |b SNK  |d 1998-10-12  |i snkV 1265/98  |l 0  |o snkČD 775/1997  |p 17A0161361  |r 2005-01-01 00:00:00  |w 2026-02-21  |y PREZ 
952 |0 0  |1 0  |4 0  |7 0  |8 5  |a SNKUST  |b SNKUST  |d 2000-04-01  |i snk2025/12285  |l 0  |o snkČD 775/1999  |p 17A0152150  |r 2005-01-02 00:00:00  |t snkOLO/1999 027  |w 2026-02-21  |y PREZ 
952 |0 0  |1 0  |4 0  |7 0  |8 5  |a SNKUST  |b SNKUST  |d 2025-07-29  |i snk2025/12284  |l 0  |o snkČD 775/1993 D1  |p 17A0329303  |r 2026-02-21 22:31:21  |w 2026-02-21  |y PREZ 
952 |0 0  |1 0  |4 0  |7 0  |8 5  |a SNKUST  |b SNKUST  |d 2002-01-25  |i snk2025/12287  |l 0  |o snkČD 775/2000  |p 17A0329742  |r 2005-01-01 00:00:00  |t snkOLO/2000 027  |w 2026-02-21  |y PREZ 
952 |0 0  |1 0  |4 0  |7 0  |8 5  |a SNKUST  |b SNKUST  |d 2002-01-25  |i snk2025/11867  |l 0  |o snkČD 775/1994 D1  |p 17A0329731  |r 2005-01-01 00:00:00  |t snkOLO/1994 027  |w 2026-02-21  |y PREZ 
952 |0 0  |1 0  |4 0  |7 0  |8 5  |a SNKUST  |b SNKUST  |d 2002-01-25  |i snk2025/11877  |l 0  |o snkČD 775/1995 D1  |p 17A0329743  |r 2005-01-01 00:00:00  |t snkOLO/1995 027  |w 2026-02-21  |y PREZ 
952 |0 0  |1 0  |4 0  |7 0  |8 5  |a SNKUST  |b SNKUST  |d 2002-01-25  |i snk2025/11879  |l 0  |o snkČD 775/1996 D1  |p 17A0329732  |r 2005-01-01 00:00:00  |t snkOLO/1996 027  |w 2026-02-21  |y PREZ 
952 |0 0  |1 0  |4 0  |7 0  |8 5  |a SNKUST  |b SNKUST  |d 2002-01-25  |i snk2025/11882  |l 0  |o snkČD 775/1997 D1  |p 17A0329733  |r 2005-01-01 00:00:00  |t snkOLO/1997 027  |w 2026-02-21  |y PREZ 
952 |0 0  |1 0  |4 0  |7 0  |8 5  |a SNKUST  |b SNKUST  |d 2002-01-25  |i snk2025/11883  |l 0  |o snkČD 775/1998 D1  |p 17A0329734  |r 2005-01-01 00:00:00  |t snkOLO/1998 027  |w 2026-02-21  |y PREZ 
952 |0 0  |1 0  |4 0  |7 0  |8 5  |a SNKUST  |b SNKUST  |d 2002-01-25  |i snk2025/11857  |l 0  |o snkČD 775/1991 D1  |p 17A0329735  |r 2005-01-01 00:00:00  |t snkOLO/1991 027  |w 2026-02-21  |y PREZ